| 000 | 00636nam a2200253Ia 4500 | ||
|---|---|---|---|
| 005 | 20250425162328.0 | ||
| 008 | 250425s9999 xx 000 0 und d | ||
| 041 | _aspa | ||
| 043 | _aec | ||
| 082 | _a332.1 | ||
| 100 | _aMEMORIAS, AGD | ||
| 245 | 0 | _aMEMORIA AGD | |
| 250 | _a1A ED. | ||
| 260 |
_aEcuador _bAGD _c2006 |
||
| 260 |
_aQUITO _bS.E. |
||
| 300 | _a198 | ||
| 500 | _aAGD: AGENCIA DE GARANTÌA DE DEPÒSITOS | ||
| 650 | _aAGENCIA DE GARANTIA DE DEPOSITOS | ||
| 650 | _aBANCOS-ANALISIS FINANCIERO | ||
| 650 | _aDOLARIZACION-ECUADOR | ||
| 710 | _aAGENCIA GARANTIA DE DEPOSITOS | ||
| 942 | _c01 | ||
| 010 | _a62657 | ||
| 999 |
_c226985 _d226985 |
||